Fishes

Bibliographic Details
Main Author: Cacutt, Len
Format: Book
Published: London : Grange Books , 1993
Series:Nature facts
Subjects:

MARC

LEADER 00000cam a2200000 7i4500
001 0000002755
002 000002985
005 20000330.0
020 |a 1856273342 
090 0 0 |a 508   |b NAT 
100 0 |a Cacutt, Len 
245 1 0 |a Fishes   |c Len Cacutt 
260 |a London :   |b Grange Books ,   |c 1993 
300 |a 108p. :   |b ill ;   |c 27cm. 
490 0 |a Nature facts 
650 0 0 |a Fishes   |x Juvenile literature 
999 |a 036355   |b BUKU   |c JUNIOR REFERENCE   |e PERPUSTAKAAN KOMUNITI PETALING JAYA